000 00274nam a2200109Ia 4500
008 220204s9999 xx 000 0 und d
082 _a012.564583
_bSME
100 _aSmelser, N J
245 0 _aSociology of economic life
260 _aDelhi
_bPrentice Hall
_c1963
942 _cBK
999 _c29206
_d29206